000 00192 a2200085 4500
020 _a9772951003003
100 _aLee
245 _aA + Plus: Small Competition & Project Vol. 3
260 _bK-on Book
999 _c13444
_d13444